| 000 | 00866nam a22002177a 4500 | ||
|---|---|---|---|
| 005 | 20170818122859.0 | ||
| 010 | _aENG-119741 | ||
| 020 |
_a9788124608517 _c2700.00 |
||
| 035 | _aEN-103273 | ||
| 037 | _bDBAD/PUB | ||
| 082 | _a709.01130934 | ||
| 245 |
_aRock art of India : _cedited by Bansi Lal Malla _bSuitable dating techniques / |
||
| 260 |
_aNew Delhi _bIndira Gandhi National Centre for the Arts _c2016 |
||
| 260 |
_aNew Delhi _bD.K. Printworld _c2016 |
||
| 270 |
_aIndira Gandhi National Centre for the Arts, Central Vista, Janpath, _bNew Delhi _e110001 |
||
| 270 |
_aD.K. Print world (P) Ltd. Regd. Office: Vedasri, F-395, Sudarshan Park (Metro Station: Ramesh Nagar) _bNew Delhi _e110015 |
||
| 300 |
_axv,228p. : _c29cm(Hb) _bill.(col.) |
||
| 500 | _aIncludes index | ||
| 700 | _aMalla, Bansi Lal | ||
| 942 |
_2ddc _cEN _h709.01130934 _mROC |
||
| 999 |
_c143542 _d143542 |
||